| 000 | 01233nam a2200217Ia 4500 | ||
|---|---|---|---|
| 003 | Ost | ||
| 005 | 20260507075803.0 | ||
| 008 | 260507s9999||||xx |||||||||||||| ||und|| | ||
| 020 | _a9789947264843 | ||
| 040 | _cfsecg | ||
| 041 | _aara | ||
| 082 | _a658 | ||
| 100 |
_aحيرش، عيسى _eمؤلف |
||
| 245 | 0 |
_aالإدارة الإستراتيجية الحديثة / _c عيسى حيرش |
|
| 260 |
_aالجزائر : _bدار الهدى للطباعة والنشر والتوزيع, _c2012 |
||
| 300 |
_a382 صفحة؛ _bإيضاحات ؛ _c24 سم |
||
| 520 | _aيضم مدخل لإلى الاستراتيجية، التجزئة الاستراتيجية، رسالة ورؤية المنظمة، التحليل الخارجي، التحليل الداخلي، تحليل أصحاب المصالح، الأدوات والنماذج الاستراتيجية، استراتيجية الأعمال، استراتيجية المؤسسة، نمو وتطور المؤسسة، التحليل الخارجي، أدوات استراتيجية المحيط الأزرق، إعداد استراتيجية المحيط الأزرق. | ||
| 653 | _aإدارة الأعمال | ||
| 653 | _aالإستراتيجية | ||
| 942 | _cكتاب | ||
| 999 |
_c46319 _d46319 |
||